000 01412nam a22003977a 4500
001 1527488
003 OSt
005 20210421062458.0
008 900910s1991 nyua b 001 0aeng
010 _a 90052924
020 _a0394569954 :
040 _aeng
_cDLC
_deng
_beng
041 _aeng
043 _an-us---
050 0 0 _aE840.8.C55
_bA3 1991
080 _a92
_bC-61
082 0 0 _a973.9/092
_aB
_220
100 1 _aClifford, Clark M.,
_d1906-1998.
245 1 0 _aCounsel to the president :
_ba memoir /
_cClark Clifford with Richard Holbrooke.
250 _a1st ed.
260 _aNew York :
_bRandom House,
_cc1991.
300 _axix, 709 p. :
_bill. ;
_c25 cm.
365 _b25 usd
504 _aIncludes bibliographical references (p. [671]-676) and index.
600 1 0 _aClifford, Clark M.,
_d1906-1998.
650 0 _aStatesmen
_zUnited States
_vBiography.
650 0 _aBiography
_9237
650 0 _aLawyers
_zUnited States
_vBiography.
651 0 _aUnited States
_xPolitics and government
_y1945-1989.
653 _aბიოგრაფია
653 _aპლიტიკა და მმართველობა
700 1 _aHolbrooke, Richard C.,
_d1941-2010.
906 _a7
_bcbc
_corignew
_d1
_eocip
_f19
_gy-gencatlg
942 _2udc
_cBK
_e1
999 _c636
_d636